| 000 | 00420nam a22001457a 4500 | ||
|---|---|---|---|
| 020 | _a8178085429 | ||
| 040 | _cNUST | ||
| 082 |
_a004.22 _bSIM |
||
| 100 |
_aDiszo Sima, Terence Fountain _9125184 |
||
| 110 |
_aPeter Kacsuk _9125185 |
||
| 245 |
_aAdvanced Computer Architectures _bA Design Space Approach |
||
| 260 |
_aIndia: _bPearson education, _c2002. |
||
| 650 | _2Advanced Computer Architectures | ||
| 942 |
_2ddc _cBK |
||
| 999 |
_c610967 _d610967 |
||